000 00596nab a22001457 4500
003 ES-SlBCS
005 20210327224205.0
008 170517s2017 sp ||||| |||| 00| 0 spa d
040 _aES-SlBCS
_bspa
041 _aspa
100 1 _aSchilling, Heinz
_9110718
245 1 0 _aReforma, antagonización confesional, diferenciación religiosa y cultural. Reflexiones de un historiador sobre la relevancia de la historia de la Iglesia de inicios de la modernidad para el presente y el futuro
_cHeins Schilling
773 0 _gNúm. 370, 2017, págs. 11-24
_tConcilium
_wRev134
_x0210-1041
942 _2lcc
_cAR
999 _c472612
_d472612